000 00344nam a2200145 i 4500
001 bg
100 1 _aRUDZKI, Jerzy
245 0 _aNormowanie w galutechnice /
_cJerzy Rudzki, Andrzej Samołyk.
260 _c1967.
700 1 _aSAMOŁYK, Andzej
040 _cBPK
041 _apol
942 _cKS
008 s pl f |000 0 pol
999 _c16614
_d16614
856 _uhttp://koha.tu.koszalin.pl/cgi-bin/koha/opac-detail.pl?biblionumber=16614
_yKatalog online BPK